[Event "ECU-ch"]
[Site "Quito"]
[Date "2023.06.24"]
[Round "6"]
[White "Gaibor Gallardo, Luis Alfredo"]
[Black "Noboa Silva, Kevin Omar"]
[Result "1/2-1/2"]
[WhiteElo "1891"]
[BlackElo "2278"]
[PlyCount "53"]
[EventDate "2023.06.21"]
[EventType "swiss"]
[EventRounds "9"]
[EventCountry "ECU"]
[SourceTitle "CBM 215 Extra"]
[Source "ChessBase"]
[SourceDate "2023.09.30"]
[SourceVersion "1"]
[SourceVersionDate "2023.09.30"]
[SourceQuality "1"]

1. d4 d5 2. Nf3 Nf6 3. c3 Bg4 4. Ne5 Bf5 5. Qb3 Qc8 6. c4 dxc4 7. Qxc4 e6 8. Nc3 Bd6 9. g3 0-0 10. Bg2 Bg6 11. Nxg6 hxg6 12. e4 e5 13. dxe5 Bxe5 14. f4 Bxc3+ 15. Qxc3 Nbd7 16. 0-0 Nb6 17. Qb3 c5 18. Qc3 Rd8 19. e5 Nh7 20. Be3 Nf8 21. Rfd1 Ne6 22. Rxd8+ Qxd8 23. Qc2 a6 24. Rd1 Qc7 25. Bd5 Re8 26. a4 Re7 27. Qb3 1/2-1/2

[Event "ECU-ch"]
[Site "Salinas"]
[Date "2021.12.16"]
[Round "2"]
[White "Gaibor Gallardo, Luis Alfredo"]
[Black "Ulloa Centeno, Luis Manuel"]
[Result "1-0"]
[WhiteElo "1949"]
[BlackElo "1301"]
[PlyCount "57"]
[EventDate "2021.12.16"]
[EventType "swiss"]
[EventRounds "7"]
[EventCountry "ECU"]
[SourceTitle "EXT 2023"]
[Source "ChessBase"]
[SourceDate "2022.10.05"]
[SourceVersion "1"]
[SourceVersionDate "2022.10.05"]
[SourceQuality "1"]

1. d4 e6 2. Nf3 f5 3. Bf4 Nf6 4. e3 d5 5. c4 c6 6. Be2 Bd6 7. 0-0 0-0 8. Nc3 Bxf4 9. exf4 Nbd7 10. Ne5 Nxe5 11. fxe5 Ne4 12. f3 Nxc3 13. bxc3 b6 14. cxd5 cxd5 15. Qb3 a5 16. Rab1 Ba6 17. Bxa6 Rxa6 18. Qb5 Qa8 19. Rfc1 Qb7 20. c4 Rc8 21. cxd5 Rxc1+ 22. Rxc1 Ra8 23. dxe6 Rc8 24. Rd1 Rd8 25. d5 Qc7 26. d6 Qc2 27. Qd3 Qxa2 28. e7 Ra8 29. d7 1-0